000 002830000a22000970004500
100 1 _aMartini, Romeu Ruben
245 1 0 _aO novo livro de culto da IECLB : Antecedentes, princípios e orientaçao básica
300 _aNum. 10 (Mayo, 2003), Páginas 10-12
773 0 _tTEAR
942 _cANA
999 _c55811
_d55811